| 000 -LEADER |
| fixed length control field |
00714nam a2200193 4500 |
| 001 - CONTROL NUMBER |
| control field |
9680 |
| 003 - CONTROL NUMBER IDENTIFIER |
| control field |
BD-DhUAP |
| 005 - DATE AND TIME OF LATEST TRANSACTION |
| control field |
20210121111010.0 |
| 008 - FIXED-LENGTH DATA ELEMENTS--GENERAL INFORMATION |
| fixed length control field |
200206s2007 bg ||||| |||| 00| 0 ben d |
| 040 ## - CATALOGING SOURCE |
| Original cataloging agency |
BD-DhUAP |
| Language of cataloging |
Ben |
| Transcribing agency |
BD-DhUAP |
| Modifying agency |
BD-DhUAP |
| 082 ## - DEWEY DECIMAL CLASSIFICATION NUMBER |
| Edition number |
23 |
| Classification number |
345.5492002632 HUQ |
| 100 ## - MAIN ENTRY--PERSONAL NAME |
| Personal name |
হক, মোঃ শামছুল। |
| 245 ## - TITLE STATEMENT |
| Title |
দন্ডবিধি = Penal code / |
| Statement of responsibility, etc. |
মোঃ শামছুল হক। |
| 260 ## - PUBLICATION, DISTRIBUTION, ETC. |
| Place of publication, distribution, etc. |
ঢাকা : |
| Name of publisher, distributor, etc. |
মোসাঃ রোমানা হক, |
| Date of publication, distribution, etc. |
c২০০৭। |
| 300 ## - PHYSICAL DESCRIPTION |
| Extent |
১০২৪ পৃষ্ঠা ; |
| Dimensions |
২৩ সেমি.। |
| 501 ## - WITH NOTE |
| With note |
সর্বশেষ সংশোধনীসহ। |
| 650 ## - SUBJECT ADDED ENTRY--TOPICAL TERM |
| Topical term or geographic name entry element |
Crime law |
| Geographic subdivision |
Bangladesh. |
| 942 ## - ADDED ENTRY ELEMENTS (KOHA) |
| Source of classification or shelving scheme |
|
| Koha item type |
Book |